000
00255nam a22000857a 4500
008
160912b xxu||||| |||| 00| 0 eng d
100
_9
384
_a
Kochar, S., et al
245
_a
Together With Get Going Grammar - 3
260
_a
New Delhi
_b
Rachna Sagar publication
_c
2008
999
_c
3042
_d
3042